Diagnostic Handbook of Otorhinolaryngology (Record no. 1529)

MARC details
000 -LEADER
fixed length control field 00565nam a22002057a 4500
003 - CONTROL NUMBER IDENTIFIER
control field OSt
005 - DATE AND TIME OF LATEST TRANSACTION
control field 20170131142116.0
008 - FIXED-LENGTH DATA ELEMENTS--GENERAL INFORMATION
fixed length control field 150423b xxu||||| |||| 00| 0 eng d
020 ## - INTERNATIONAL STANDARD BOOK NUMBER
International Standard Book Number 1853173835
040 ## - CATALOGING SOURCE
Transcribing agency dnlm
082 ## - DEWEY DECIMAL CLASSIFICATION NUMBER
Classification number WV210 D54 1997
100 ## - MAIN ENTRY--PERSONAL NAME
Personal name Hawke, Michael; [et...al]
9 (RLIN) 4014
245 ## - TITLE STATEMENT
Title Diagnostic Handbook of Otorhinolaryngology
260 ## - PUBLICATION, DISTRIBUTION, ETC. (IMPRINT)
Place of publication, distribution, etc. London:
Name of publisher, distributor, etc. Martin Dunitz;
Date of publication, distribution, etc. 1997.
300 ## - PHYSICAL DESCRIPTION
Extent viii, 288 p :
Other physical details col.ill
Dimensions 25 cm
504 ## - BIBLIOGRAPHY, ETC. NOTE
Bibliography, etc Includes index
650 ## - SUBJECT ADDED ENTRY--TOPICAL TERM
Topical term or geographic name as entry element Otorhinolaryngology
9 (RLIN) 4015
650 ## - SUBJECT ADDED ENTRY--TOPICAL TERM
Topical term or geographic name as entry element Head & Neck
9 (RLIN) 11476
942 ## - ADDED ENTRY ELEMENTS (KOHA)
Source of classification or shelving scheme Other/Generic Classification Scheme
Koha item type Short Loan
Holdings
Withdrawn status Lost status Source of classification or shelving scheme Damaged status Not for loan Home library Current library Date acquired Source of acquisition Inventory number Total Checkouts Full call number Barcode Date last seen Price effective from Koha item type
    Other/Generic Classification Scheme     MUST Main Library MUST Main Library 23/04/2015   2001/15101   WV 210 D54 1997 2015-1086 23/04/2015 23/04/2015 Short Loan